Central Library OPAC University of Rajshahi

প্রবৃদ্ধি না স্থবিরতা ? : (Record no. 38795)

MARC details
000 -LEADER
fixed length control field 01174nam a2200241 a 4500
001 - CONTROL NUMBER
control field 38795
003 - CONTROL NUMBER IDENTIFIER
rucl marc code BD-RjUL
005 - DATE AND TIME OF LATEST TRANSACTION
control field 20211209052848.0
008 - FIXED-LENGTH DATA ELEMENTS--GENERAL INFORMATION
fixed length control field 160229s1997 bg ||||| |||| 00| 0 ben d
020 ## - INTERNATIONAL STANDARD BOOK NUMBER
International Standard Book Number 9840501798
035 ## - SYSTEM CONTROL NUMBER
System control number (BD-RjUL)38904
040 ## - CATALOGING SOURCE
Original cataloging agency BD-RjUL
Language of cataloging ben
Transcribing agency BD-RjUL
041 ## - LANGUAGE CODE
Language code of text/sound track or separate title ben
082 ## - DEWEY DECIMAL CLASSIFICATION NUMBER
Edition number 23
Classification number 330.95492
Author mark and year CEP 1997
110 ## - MAIN ENTRY--CORPORATE NAME
Corporate name or jurisdiction name as entry element সেন্টার ফর পলিসি ডায়ালগ
9 (RLIN) 119665
245 ## - TITLE STATEMENT
Title প্রবৃদ্ধি না স্থবিরতা ? :
Remainder of title বাংলাদেশের উন্নয়ন পর্যালোচনা, ১৯৯৬ /
Statement of responsibility, etc. সেন্টার ফর পলিসি ডায়ালগ
260 ## - PUBLICATION, DISTRIBUTION, ETC. (IMPRINT)
Place of publication, distribution, etc. ঢাকা:
Name of publisher, distributor, etc. ইউনিভার্সিটি প্রেস লিমিটেড,
Date of publication, distribution, etc. ১৯৯৭.
300 ## - PHYSICAL DESCRIPTION
Pagination xvi, ৩১৭ পৃ. :
Illustrations চিত্র;
Size ২০ সেমি.
504 ## - BIBLIOGRAPHY, ETC. NOTE
Bibliography, etc বিবলিওগ্রাফীক্যাল রেফারেন্স সংযুক্ত.
650 ## - SUBJECT ADDED ENTRY--TOPICAL TERM
Topical term or geographic name as entry element বাংলাদেশ
General subdivision অর্থনৈতিক অবস্থা
9 (RLIN) 117421
Topical term or geographic name as entry element Bangladesh
General subdivision Economic Conditions
9 (RLIN) 117422
942 ## - ADDED ENTRY ELEMENTS (KOHA)
Source of classification or shelving scheme Dewey Decimal Classification
Koha item type Books
Holdings
Lost status Source of classification or shelving scheme Damaged status Not for loan Collection code Permanent Location Current Location Shelving location Date acquired Source of acquisition Cost, normal purchase price Total Checkouts Full call number Date last seen Copy number Koha item type
  Dewey Decimal Classification   Not For Loan Non-fiction Central Library, University of Rajshahi Central Library, University of Rajshahi Reading Room 25/01/2009 Shah Muhammad Habibur Rahman, Rajshahi University 240.00   B 330.95492 CEP 1997 29/02/2016 C-1 Books
  Dewey Decimal Classification     Non-fiction Central Library, University of Rajshahi Central Library, University of Rajshahi   25/01/2009 Shah Muhammad Habibur Rahman, Rajshahi University 240.00   B 330.95492 CEP 1997 27/12/2016 C-2 Books